Vainqueurs de la Ligue des Champions (coach,capitaine,meilleur buteur) - Statistiques

Statistiques générales
  • Ce quiz a été pris 1 362 fois
    51 depuis la dernière actualisation
  • Le résultat moyen est 62 sur 76
Statistiques - réponses
Hint Réponse % Correct
Real Madrid
98%
2021/22 Real Madrid
98%
2017/18 Real Madrid
98%
2016/17 Real Madrid
98%
2015/16 Real Madrid
98%
2013/14 Real Madrid
98%
Cristiano Ronaldo
96%
Cristiano Ronaldo
96%
Cristiano Ronaldo
96%
Cristiano Ronaldo
96%
Cristiano Ronaldo
96%
2014/15 FC Barcelone
96%
2010/11 FC Barcelone
96%
2008/09 FC Barcelone
96%
Karim Benzema
96%
Lionel Messi
96%
Lionel Messi
96%
Neymar Jr / Lionel Messi
96%
Paris Saint-Germain
93%
Paris Saint-Germain
93%
2019/20 Bayern Munich
91%
2012/13 Bayern Munich
91%
Carlo Ancelotti
91%
Carlo Ancelotti
91%
Carlo Ancelotti
91%
2018/19 Liverpool
91%
Luis Enrique
91%
Luis Enrique
91%
Luis Enrique
91%
2022/23 Manchester City
91%
Marquinhos
91%
Marquinhos
91%
Ousmane Dembélé
91%
Pep Guardiola
91%
Pep Guardiola
91%
Pep Guardiola
91%
Zinédine Zidane
91%
Zinédine Zidane
91%
Zinédine Zidane
91%
2020/21 Chelsea
89%
2011/12 Chelsea
89%
Mohamed Salah
89%
Vinicius Júnior
87%
Erling Haaland
84%
2009/10 Inter Milan
84%
Jürgen Klopp
84%
Sergio Ramos
84%
Sergio Ramos
84%
Sergio Ramos
84%
Khvicha Kvaratskhelia
82%
2007/08 Manchester United
82%
Robert Lewandowski
82%
Didier Drogba
78%
Hansi Flick
78%
Thomas Müller
76%
Thomas Tuchel
76%
Xavi
76%
Alex Ferguson
73%
José Mourinho
73%
Carles Puyol
69%
Manuel Neuer
69%
Philipp Lahm
69%
Iker Casillas
62%
Jordan Henderson
60%
Ilkay Gündogan
56%
Marcelo
56%
Nacho Fernández
53%
Diego Milito
51%
Frank Lampard
49%
Javier Zanetti
49%
Rio Ferdinand
49%
César Azpilicueta
40%
Jupp Heynckes
36%
Olivier Giroud
36%
Eric Abidal
33%
Roberto Di Matteo
33%
Aucun quiz correspondant
Distribution des résultats
% des personnes avec chaque résultat
Percentile par nombre de réponses
Votre historique - résultats
Vous n’avez pas pris ce quiz depuis la dernière actualisation